| 000 | 00615nam a22001937a 4500 | ||
|---|---|---|---|
| 003 | BD-DhUL | ||
| 005 | 20180513105912.0 | ||
| 008 | 180513s1982 ii |||| |||| 000 0 ben d | ||
| 040 |
_aBD-DhUL _cBD-DhUL |
||
| 082 |
_a891.443 _bASJ |
||
| 100 | 1 | _aরুদ্র অশোক। | |
| 245 | 1 |
_aজাসমিন / _cরুদ্র অশোক। |
|
| 250 | _a১ম সং. | ||
| 260 |
_aকলিকাতা : _bআনন্দ, _c১৯৮২। |
||
| 300 |
_a১২৪ পৃ. ; _c১৯ সেমি. |
||
| 650 | 4 | _aবাংলা উপন্যাস | |
| 650 | 4 | _aBengali fiction | |
| 942 |
_2ddc _cBK |
||
| 999 |
_c241238 _d241238 |
||